Protecting historic landscapes (Record no. 78745)

MARC details
000 -LEADER
fixed length control field 01303cad a22002175a 4500
001 - CONTROL NUMBER
control field L137935
008 - FIXED-LENGTH DATA ELEMENTS--GENERAL INFORMATION
fixed length control field 070509e20070405xxk f s000 0 eng d
035 ## - SYSTEM CONTROL NUMBER
System control number (Sirsi) u137935
041 0# - LANGUAGE CODE
Language code of text/sound track or separate title eng
110 1# - MAIN ENTRY--CORPORATE NAME
Corporate name or jurisdiction name as entry element England
Subordinate unit Highways Agency
9 (RLIN) 1666
245 00 - TITLE STATEMENT
Title Protecting historic landscapes
Medium [electronic resource]
260 ## - PUBLICATION, DISTRIBUTION, ETC.
Date of publication, distribution, etc. 2007
490 #0 - SERIES STATEMENT
Series statement Highways Agency Press Release
Volume/sequential designation (HA 22-07) 5 April 2007
520 ## - SUMMARY, ETC.
Summary, etc. Guidance on surveying, evaluating and assessing the impact of roads on historic landscapes has been published by the Highways Agency and English Heritage. "Assessing the effect of road schemes on historic landscape character" will ensure that greater effort is taken in preparing environmental assessments for new road schemes. This may include design measures to reduce changes caused by noise, land take, visual intrusion and vibration or incorporating new landscaping and planting into the road scheme.
590 ## - LOCAL NOTE (RLIN)
Local note KA
650 24 - SUBJECT ADDED ENTRY--TOPICAL TERM
Topical term or geographic name entry element ENGLAND
690 ## - LOCAL SUBJECT ADDED ENTRY--TOPICAL TERM (OCLC, RLIN)
Topical term or geographic name as entry element ENVIRONMENTAL AND LAND CONSULTANCY-ENVIRONMENTAL MANAGEMENT-ENVIRONMENTAL CONSERVATION-LANDSCAPE CONSERVATION
690 ## - LOCAL SUBJECT ADDED ENTRY--TOPICAL TERM (OCLC, RLIN)
Topical term or geographic name as entry element PROPERTY-INFRASTRUCTURE-ROAD INFRASTRUCTURE
856 40 - ELECTRONIC LOCATION AND ACCESS
Uniform Resource Identifier <a href="https://www.highways.gov.uk/news/pressrelease.aspx?pressreleaseid=146075">https://www.highways.gov.uk/news/pressrelease.aspx?pressreleaseid=146075</a>
Public note View the item free of charge at www.highways.gov.uk...
942 ## - ADDED ENTRY ELEMENTS (KOHA)
Suppress in OPAC 0
Holdings
Withdrawn status Lost status Source of classification or shelving scheme Damaged status Not for loan Home library Current library Shelving location Date acquired Total Checkouts Full call number Barcode Date last seen Copy number Price effective from Koha item type
    Dewey Decimal Classification     Virtual Virtual Online 09/05/2007   ONLINE PUBLICATION 137935-2001 06/08/2019 1 06/08/2019 Journal article